| 000 | 00800cam a22002295i 4500 | ||
|---|---|---|---|
| 001 | 18160581 | ||
| 005 | 20141112134807.0 | ||
| 008 | 140522t2013 xxuak fr 000 0 eng d | ||
| 010 | _a2012276305 | ||
| 020 | _a9780124173194 | ||
| 020 | _a0124173195 | ||
| 040 |
_aBTCTA _beng _cBTCTA _dYDXCP _dIAD _dCUI _dDLC _dEG-ScBUE |
||
| 082 | 0 | 0 |
_222 _a005.74 _bLOS |
| 100 | 1 |
_aLoshin, David, _d1963- _936501 |
|
| 245 | 1 | 0 |
_aBig data analytics : _bfrom strategic planning to enterprise integration with tools, techniques, NoSQL and graph / _cDavid Loshin. |
| 260 |
_aWaltham, United States : _bMorgan Kaufmann, _bElsevier, _cc.2013. |
||
| 300 |
_axx, 120 p. : _bforms, tables ; _c23 cm. |
||
| 650 | 0 |
_aBig data _936502 |
|
| 653 |
_bCOMSCI _cNovember2014 |
||
| 655 |
_vreading book _934232 |
||
| 942 |
_2ddc _k005.74 LOS |
||
| 999 |
_c18605 _d18577 |
||